000 01033nam a2200325 i 4500
001 14449
003 KOSZ 005
005 20220824101118.0
008 071025s1971 pl a f f |000 0 pol
015 _aPB 1971/11055
035 _a(OCoLC)749264893
040 _aWA N
_cWA N
_dKOSZ 005/EC
041 _apol
046 _k1971
080 _a556.3
655 4 _aPodręcznik
650 4 _aHydrogeologia
710 2 _aWydawnictwa Geologiczne
_4pbl.
999 _c14449
_d14449
999 _btk
245 0 0 _aPoradnik hydrogeologa /
_c[aut. Jan Dowgiałło et al. ; red. nauk. Stanisław Turek].
260 _aWarszawa :
_bWydawnictwa Geologiczne,
_c1971.
300 _a443, [1] s. :
_bil. ;
_c23 cm.
380 _aKsiążki.
388 _a1901-2000
504 _aBibliogr.
700 1 _aDowgiałło, Jan
_d(1932- ).
_eAutor
700 1 _aTurek, Stanisław
_c(hydrogeolog).
_eRedakcja
856 _uhttp://koha.tu.koszalin.pl/cgi-bin/koha/opac-detail.pl?biblionumber=14449
_yKatalog online BPK
942 _2UKD
_cKS